000 00874nam a2200253Ia 4500
003 OSt
005 20220923213326.0
006 a|||||r|||| 00| 0
007 ta
008 220922b |||||||| |||| 00| 0 hin d
024 _a160,847
037 _cTextual
040 _aARTS
_cARTS
_bhin
041 _2hin
_ahin
082 _aO152,2:g(Q2:1), L3
100 _aशशि प्रभा
245 0 _aहिन्दी के पौराणिक नाटकों के मूल स्त्रोत
246 _aHindī ke paurāṇik nāṭakoan ke mūl strota
260 _aदिल्ली
_b राजकमल प्रकाशन
_c1973
300 _a416 पृ.
_ccm.
650 _aहिन्दी साहित्य
_9156264
942 _hO152,2:g(Q2:1), L3
_cTEXL
_2CC
999 _c315525
_d315525